000 00248nam a22000977a 4500
008 221026b |||||||| |||| 00| 0 eng d
020 _a9789392794162
100 _aSundaram Kumar
_97595
245 _aGeneral Knowledge (NCERT)
260 _aNew Delhi
_bJBC
999 _c12093
_d12093